000
00306nam a2200133Ia 4500
008
240624s9999 xx 000 0 und d
041
_a
eng
082
_a
813.6 ABB
100
_a
ABBOTT JEFF
245
_a
PANIC
260
_c
2005
_a
London
_b
Time Warner books
300
_a
408 : p. : cm. ; 17
365
_c
BPS
999
_c
3836
_d
3836